[Event "World Seniors (Women)"]
[Site "Rowy POL"]
[Date "2000.09.13"]
[Round "3"]
[White "Fatalibekova,E"]
[Black "Kozlovskaya,V"]
[Result "1/2-1/2"]
[WhiteElo "2255"]
[BlackElo "2193"]

1.d4 d6 2.e4 g6 3.Nc3 Bg7 4.f4 c6 5.a4 d5 6.e5 h5 7.Nf3 Bg4 8.Be2 Bxf3 9.Bxf3 e6
10.Be3 Nh6 11.O-O a5 12.Ne2 Nf5 13.Bf2 Na6 14.c3 Bf8 15.g3 Be7 16.h3 Qd7
17.Bh1 g5 18.Rb1 g4 19.h4 O-O 20.Qd2 b5 21.axb5 cxb5 22.Nc1 Nb8 23.Nd3 Na6
24.Nc5 Bxc5 25.dxc5 Rfd8 26.Qd3 Ng7 27.Rfd1 Qc6 28.c4 a4 29.Bg2 Rab8 30.Bf1 Rd7
31.Rd2 Ne8 32.Rdd1 Re7  1/2-1/2

[Event "Nordic Net Club Cup"]
[Site "Internet ICC"]
[Date "2000.09.16"]
[Round "4"]
[White "Gullaksen,E"]
[Black "Lehtinen,H"]
[Result "0-1"]
[WhiteElo "2353"]
[BlackElo "2329"]

1.e4 g6 2.d4 Bg7 3.Nc3 d6 4.Nf3 c6 5.h3 Nf6 6.a4 O-O 7.Be3 d5 8.exd5 cxd5
9.Be2 Nc6 10.O-O Ne4 11.Ra3 Bf5 12.Nh4 Be6 13.Nf3 h6 14.Bd3 Nd6 15.Ne2 Nf5
16.Nf4 Bc8 17.c4 dxc4 18.Bxc4 e6 19.d5 Nxe3 20.Rxe3 exd5 21.Bxd5 Qf6 22.Nd3 Rd8
23.Qb3 Bf5 24.Nde5 Nxe5 25.Nxe5 Rac8 26.Bxf7+ Kh7 27.Bc4 Qh4 28.Be2 Rc7 29.Rd1 Bc2
30.Qe6 Re7 31.Qg4 Qxg4 32.Nxg4 Rxe3 33.Rxd8 Rxe2 34.Rd7 Re6 35.Rxb7 Ra6 36.b3 h5
37.Ne3 Be4 38.Re7 Bc6 39.Nc4 Kh6 40.Re6 Bb7 41.Re7 Bd5 42.Rc7 Be6 43.Kh2 Bd4
44.Kg1 Bf5 45.Re7 Rf6 46.Ne3 Be6 47.Rxa7 Bxa7  0-1

[Event "World Seniors"]
[Site "Rowy POL"]
[Date "2000.09.18"]
[Round "7"]
[White "Klovans,J"]
[Black "Balcerowski,W"]
[Result "1-0"]
[WhiteElo "2481"]
[BlackElo "2226"]

1.e4 g6 2.d4 Bg7 3.Nc3 d6 4.f4 a6 5.Nf3 b5 6.Bd3 Bb7 7.O-O Nf6 8.Qe2 b4 9.Nd1 O-O
10.Nf2 e6 11.Bd2 a5 12.c4 Na6 13.Rad1 c5 14.e5 Nd7 15.Ne4 Bxe4 16.Bxe4 Rb8
17.Be3 Qc7 18.exd6 Qxd6 19.Ne5 Nxe5 20.dxe5 Qc7 21.Rd6 Rb6 22.Rfd1 Rxd6 23.Rxd6 Nb8
24.Qf3 Re8 25.Bc6 Rc8 26.Bb5 Bf8 27.Rd2 Be7 28.Qd1 Rd8 29.Rxd8+ Bxd8 30.Qd6 Qxd6
31.exd6 Bb6 32.d7 f6 33.Kf2 Kf7 34.d8=Q Bxd8 35.Bxc5 Bc7 36.Kf3 h6 37.h3 g5
38.fxg5 hxg5 39.Ke4 f5+ 40.Kd4 Kf6 41.Ba7 Bh2 42.c5 e5+ 43.Kd5 e4 44.Bb6 e3  1-0

[Event "Banc Post Int"]
[Site "Miercurea Ciuc ROM"]
[Date "2000.09.21"]
[Round "6"]
[White "Sofronie,I"]
[Black "Badea,B"]
[Result "1/2-1/2"]
[WhiteElo "2383"]
[BlackElo "2480"]

1.e4 g6 2.d4 Bg7 3.Nc3 d6 4.f4 Nf6 5.Nf3 c5 6.Bb5+ Bd7 7.e5 Ng4 8.e6 Bxb5
9.exf7+ Kd7 10.Nxb5 Qa5+ 11.Nc3 cxd4 12.Nxd4 h5 13.Qd3 Nc6 14.Nxc6 bxc6 15.Bd2 Qf5  1/2-1/2

[Event "World Seniors"]
[Site "Rowy POL"]
[Date "2000.09.21"]
[Round "9"]
[White "Usachyi,M"]
[Black "Balcerowski,W"]
[Result "0-1"]
[WhiteElo "2191"]
[BlackElo "2226"]

1.e4 d6 2.d4 g6 3.Nc3 Bg7 4.Nf3 Nf6 5.h3 O-O 6.Bg5 c5 7.e5 cxd4 8.exf6 exf6
9.Bd2 dxc3 10.Bxc3 Re8+ 11.Be2 Qe7 12.Kf1 Nc6 13.Qd2 Bf5 14.Re1 Qe4 15.Bb5 Qxc2
16.Qxd6 Rxe1+ 17.Nxe1 Qe4 18.Kg1 Ne5 19.g4 Be6 20.Bf1 f5 21.Bg2 Qf4 22.Qe7 fxg4
23.Qxb7 Rd8 24.Qxa7 Nf3+ 25.Bxf3 Bxc3 26.bxc3 gxf3 27.Qe3 Qxe3 28.fxe3 Rd1
29.Kf2 Bd5 30.Rf1 h5 31.h4 Kg7 32.a4 Ra1 33.a5 Rxa5 34.Nxf3 Bxf3 35.Kxf3 Rf5+
36.Ke2 Rxf1 37.Kxf1 Kf6 38.Kf2 Ke5 39.Kf3 f6 40.c4 g5 41.hxg5 fxg5 42.Kg3 Ke4
43.Kh3 Kf3 44.c5 g4+ 45.Kh4 g3 46.c6 g2 47.c7 g1=Q 48.c8=Q Qg4+ 49.Qxg4+ hxg4  0-1

[Event "World Seniors"]
[Site "Rowy POL"]
[Date "2000.09.23"]
[Round "11"]
[White "Dahlhaus,F"]
[Black "Lainburg,V"]
[Result "1-0"]
[WhiteElo "2175"]
[BlackElo "2278"]

1.e4 g6 2.d4 Bg7 3.Nc3 d6 4.f4 Nc6 5.Nf3 Bg4 6.Be3 Bxf3 7.gxf3 e6 8.Qd2 Nf6
9.O-O-O Ne7 10.Bh3 c6 11.f5 exf5 12.exf5 Qa5 13.Rhe1 Kf8 14.Bf4 Nxf5 15.Bxf5 Qxf5
16.Bxd6+ Kg8 17.Ne4 Qxf3 18.Nxf6+ Qxf6 19.Be5 Qf3 20.b3 Bxe5 21.dxe5 Kg7
22.Rf1 Qg4 23.Qc3 Rhf8 24.e6+ Kg8 25.exf7+ Rxf7 26.Rxf7 Kxf7 27.Qe5 Kg8 28.Qc7 Rf8
29.Rd7 Qf4+ 30.Qxf4 Rxf4 31.Rxb7 Rf7 32.Rb4 Rf1+ 33.Kb2 h5 34.Rc4 Rh1 35.h4 Kg7
36.a4 Rg1 37.a5 Rg4 38.Rxc6 Rxh4 39.Rc7+ Kh6 40.Rxa7 Rf4 41.a6 Rf8 42.b4 h4
43.b5 g5 44.b6 h3 45.b7  1-0

[Event "V ECC Women"]
[Site "Halle GER"]
[Date "2000.09.27"]
[Round "4"]
[White "Stjazhkina,O"]
[Black "Bosboom Lanchava,T"]
[Result "1/2-1/2"]
[WhiteElo "2337"]
[BlackElo "2272"]

1.e4 d6 2.d4 g6 3.Nc3 Bg7 4.Nge2 Nd7 5.g3 Ngf6 6.Bg2 O-O 7.h3 c6 8.a4 e5
9.Be3 Qe7 10.O-O Ne8 11.dxe5 dxe5 12.f4 Nd6 13.Qd3 f5 14.Rae1 exf4 15.Nxf4 Ne5
16.Qe2 Nxe4 17.Nxe4 fxe4 18.Bxe4 Qb4 19.Bg2 Bd7 20.b3 Rae8 21.Qd2 Qxd2 22.Bxd2 Bf5
23.Bb4  1/2-1/2

[Event "EuYCh B18"]
[Site "Halkidiki GRE"]
[Date "2000.10.04"]
[Round "3"]
[White "Krupenski,Y"]
[Black "Koukoufikis,A"]
[Result "1-0"]
[WhiteElo "2247"]
[BlackElo "2181"]

1.e4 d6 2.d4 g6 3.Nc3 Bg7 4.f4 Nf6 5.Bd3 O-O 6.Nf3 c5 7.dxc5 dxc5 8.O-O Nc6
9.e5 Nd5 10.Kh1 Ncb4 11.Be4 Nxc3 12.bxc3 Na6 13.Qe1 Rb8 14.f5 gxf5 15.Bd3 Nc7
16.Qg3 e6 17.Bg5 Qd7 18.Rfd1 Qa4 19.Bf6 Qg4 20.Qxg4 fxg4 21.Ng5 Bxf6 22.exf6 Nd5
23.Bxh7+ Kh8 24.Rf1 b6 25.Bd3 Bb7 26.c4 Nb4 27.Rf4 Rbd8 28.Rxg4 Rd4 29.Rxd4 cxd4
30.Rf1 Nxd3 31.cxd3 e5 32.Re1 e4 33.Nxe4 Re8 34.Kg1 Re6 35.g4 Kg8 36.h4 Bxe4
37.Rxe4 Rxf6 38.Rxd4  1-0

[Event "Abihome Open"]
[Site "Brussels BEL"]
[Date "2000.10.07"]
[Round "1"]
[White "Zaragatski,I"]
[Black "Svidler,P"]
[Result "0-1"]
[WhiteElo "2193"]
[BlackElo "2689"]

1.e4 g6 2.d4 Bg7 3.Nc3 d6 4.f4 a6 5.Nf3 b5 6.Bd3 Bb7 7.O-O Nd7 8.a4 b4 9.Ne2 c5
10.d5 Ngf6 11.c4 bxc3 12.Nxc3 O-O 13.a5 e6 14.dxe6 fxe6 15.Bc4 Qe7 16.Ng5 d5
17.exd5 exd5 18.Nxd5 Bxd5 19.Bxd5+ Nxd5 20.Qxd5+ Kh8 21.Ne6 Qf7 22.Qd6 Be5
23.Qc6 Rfc8 24.Qd5 Bd4+ 25.Kh1 Nf6 26.Qa2 Ne4 27.Nxd4 Qxa2 28.Rxa2 cxd4 29.b4 Rc4
30.f5 gxf5 31.Bf4 d3 32.Rd1 Rxb4 33.g3 Rd8 34.Kg2 Kg8 35.Be5 Rd5 36.Ba1 Kf7
37.Kf3 Ke6 38.Ra3 d2 39.Ke2 Rc5 40.Re3 Rc1  0-1

[Event "Abihome Open"]
[Site "Brussels BEL"]
[Date "2000.10.07"]
[Round "5"]
[White "Vysochin,S"]
[Black "Delemarre,J"]
[Result "1-0"]
[WhiteElo "2511"]
[BlackElo "2347"]

1.e4 d6 2.d4 g6 3.Nc3 Bg7 4.Be3 a6 5.Qd2 b5 6.f3 Nd7 7.g4 Nb6 8.h4 h5 9.g5 e6
10.Nh3 Ne7 11.Nf2 O-O 12.Be2 Bb7 13.O-O d5 14.a3 e5 15.dxe5 dxe4 16.f4 Qc8
17.Nfxe4 Rd8 18.Qe1 Nbd5 19.Nxd5 Nxd5 20.Bc5 Qe6 21.Bd3 Ne7 22.Bxe7 Qxe7
23.Qe3 Qe6 24.Kh2 Bc6 25.Rae1 Rd7 26.Nf6+ Bxf6 27.gxf6 Qd5 28.Qg3 Kh7 29.e6 Rd6
30.Re5 Qd4  1-0

[Event "FSGM October"]
[Site "Budapest HUN"]
[Date "2000.10.07"]
[Round "1"]
[White "Vajda,S"]
[Black "Vadasz,L"]
[Result "1/2-1/2"]
[WhiteElo "2282"]
[BlackElo "2301"]

1.e4 g6 2.d4 Bg7 3.Nc3 d6 4.g3 Nf6 5.Bg2 O-O 6.Nge2 e5 7.h3 Nbd7 8.O-O exd4
9.Nxd4 Re8 10.Re1 Nc5 11.Nb3 Nfd7 12.Nd4 a5 13.Be3 Nf6  1/2-1/2

[Event "3rd Int"]
[Site "Torshavn FAI"]
[Date "2000.10.07"]
[Round "2"]
[White "Danielsen,Hei"]
[Black "Gunnarsson,J"]
[Result "1/2-1/2"]
[WhiteElo "2128"]
[BlackElo "2368"]

1.e4 g6 2.d4 Bg7 3.Nc3 d6 4.Be3 Nd7 5.Nf3 a6 6.a4 c6 7.Qd2 Qa5 8.Bd3 e5 9.O-O Qc7
10.dxe5 dxe5 11.a5 Ngf6 12.Na4 O-O 13.Nb6 Nxb6 14.Bxb6 Qe7 15.Rfd1 Bg4 16.Qe2 Nh5
17.Qe3 Qf6 18.h3 Bc8 19.Bc4 Nf4 20.Qc3 Be6 21.Bf1 g5 22.Nxe5 c5 23.Nf3 Qxc3
24.bxc3 Bxc3 25.Ra3 Bf6 26.Kh2 Rac8 27.g3 Ng6 28.Bg2 Ne5 29.Nxe5 Bxe5 30.Rad3 c4
31.R3d2 h5 32.Bf3 g4 33.Be2 Kg7 34.f4 gxf3 35.Bxf3 h4 36.Bd4 hxg3+ 37.Kg2 Kf6
38.Bxe5+ Kxe5 39.Kxg3 Rh8 40.Bg4 Rcg8 41.Rb1 Rg5 42.Rxb7 Kxe4 43.Rb1 Ke3
44.Rd6 Bxg4 45.hxg4 Ke2 46.Rb7 Re8 47.Rxf7 Re3+ 48.Kf4 Rxa5 49.Rh7 Rf3+ 50.Ke4 Rf8
51.Rh2+ Ke1 52.Kd4 Rg8 53.Re6+ Kf1 54.Re4 Rd8+ 55.Kc3 Ra3+ 56.Kb4 Rg3 57.Rxc4 Rb8+
58.Ka4 Rb2 59.Rh1+ Ke2 60.Ra1 Kd2 61.Ra3 Rg1 62.Rd3+ Kc1 63.Ra3 Kd2 64.Rd3+ Kc1
65.Rdc3 Kd2 66.Ka3 Rb5 67.Rd3+ Ke2 68.Re4+ Kf2 69.Rb3 Ra5+ 70.Kb4 Rg5 71.Ra3 a5+
72.Ka4 Rc5 73.c3 Kf3 74.Rd4 Ke3 75.Rd8 Rxg4+ 76.c4+ Ke4 77.Rc3 Ke5 78.Rc1  1/2-1/2

[Event "Abihome Open"]
[Site "Brussels BEL"]
[Date "2000.10.08"]
[Round "9"]
[White "Zaragatski,I"]
[Black "Delemarre,J"]
[Result "0-1"]
[WhiteElo "2193"]
[BlackElo "2347"]

1.e4 d6 2.d4 g6 3.Nc3 Bg7 4.f4 Nf6 5.Nf3 O-O 6.Bd3 Na6 7.O-O c5 8.d5 Bg4
9.h3 Bxf3 10.Qxf3 Nd7 11.Bd2 Nc7 12.a4 b6 13.Rae1 a6 14.Qg3 b5 15.axb5 axb5
16.Nxb5 c4 17.Nxc7 Qxc7 18.Be2 Ra2 19.Bc3 Bxc3 20.Qxc3 Qb6+ 21.Kh1 Qxb2 22.Qxb2 Rxb2
23.Bxc4 Rxc2 24.Bd3 Rd2 25.Rd1 Rb2 26.Rb1 Rfb8 27.Rfe1 Nc5 28.Rxb2 Rxb2 29.Bb1 Rf2
30.g3 Nb3 31.Kg1 Rb2 32.Bd3 Nd4 33.Re3 Rd2 34.f5 e5 35.Bf1 Rc2 36.Bd3  0-1

[Event "White Tower Open"]
[Site "Halkidiki GRE"]
[Date "2000.10.08"]
[Round "6"]
[White "Remizov,J"]
[Black "Nikolaidis,K"]
[Result "1/2-1/2"]
[WhiteElo "2266"]
[BlackElo "2308"]

1.e4 g6 2.d4 Bg7 3.Nc3 d6 4.f4 Nf6 5.e5 Nfd7 6.Be3 O-O 7.Nf3 c5 8.exd6 exd6
9.Qd2 Nc6 10.O-O-O b6 11.Bb5 Ndb8 12.dxc5 dxc5 13.Qxd8 Nxd8 14.Nd5 Nbc6 15.Nc7 Rb8
16.Rd6 Ne7 17.Rhd1 Ne6 18.Nxe6 Bxe6 19.Bf2 h6 20.h3 Nf5 21.R6d3 a6 22.Bxa6 Ra8
23.Ra3 Ra7 24.g4 Ne7 25.Rd6 Rfa8 26.Rxb6 Nd5 27.Rc6 Nb4 28.Rxe6 fxe6 29.Bxc5 Nxa2+
30.Rxa2 Rxa6 31.Rxa6 Rxa6 32.c3 Ra1+ 33.Kd2 Rf1 34.Nd4 Kf7 35.Ne2 Rh1 36.Ng1 Rh2+
37.Kc1 Ke8 38.Kb1 Kd7 39.g5 h5 40.Kc1 Kc6 41.Ba7 Kd5 42.Kb1 Kc4 43.Kc1 Kb3
44.Nf3 Rh1+ 45.Kd2 Rxh3 46.Ke2 Rh1 47.Bg1 h4 48.Kf2 h3 49.Kg3 Bf8 50.Bh2 Bd6
51.Nd4+ Kxb2 52.Nxe6 Re1 53.Nd4 Re3+ 54.Kg4  1/2-1/2

[Event "Tatry Open"]
[Site "Tatranske Zruby SVK"]
[Date "2000.10.08"]
[Round "2"]
[White "Tropp,F"]
[Black "Tikovsky,A"]
[Result "1/2-1/2"]
[WhiteElo "2225"]
[BlackElo "2117"]

1.e4 g6 2.d4 Bg7 3.Nc3 d6 4.Be3 c6 5.f3 b5 6.Qd2 Nf6 7.Bh6 Bxh6 8.Qxh6 Qa5
9.Qd2 b4 10.Nd1 c5 11.e5 dxe5 12.dxe5 Nfd7 13.e6 fxe6 14.Bd3 Nf6 15.c4 Nc6
16.Ne2 Ne5 17.O-O O-O 18.Qc2 Qc7 19.Nf2 a5 20.Be4 Ra6 21.b3 Nh5 22.Nh3 Kg7
23.Qb2 Nf6 24.Ng3 Rb6 25.Rad1 Kg8 26.Rfe1 Nc6 27.Bxc6 Rxc6 28.Ng5 Rd8 29.N5e4 Rxd1
30.Rxd1 e5 31.Qd2 Kg7 32.h4 h6 33.h5 gxh5 34.Nxf6 exf6 35.Nxh5+ Kg6 36.Ng3 Qe7
37.Qd5 Rc7 38.Qg8+ Qg7 39.Qd8 a4 40.Ne4 Bf5 41.Nxf6 Qe7 42.Qxe7 Rxe7 43.Rd6 a3
44.Ne4+ Kg7 45.Nxc5 e4 46.fxe4 Bxe4 47.Nxe4 Rxe4 48.Rb6 Rd4 49.Rxb4  1/2-1/2

[Event "FSGM October"]
[Site "Budapest HUN"]
[Date "2000.10.09"]
[Round "3"]
[White "Vajda,L"]
[Black "Vadasz,L"]
[Result "1-0"]
[WhiteElo "2447"]
[BlackElo "2301"]

1.e4 g6 2.d4 Bg7 3.Nc3 d6 4.Nf3 Nf6 5.Be2 O-O 6.O-O Nc6 7.d5 Nb4 8.Bg5 a5
9.Qd2 c6 10.a3 Na6 11.Nd4 Bd7 12.Rfe1 Nc7 13.Nf3 Rb8 14.Bf1 b5 15.e5 dxe5
16.dxc6 Bxc6 17.Nxe5 Qxd2 18.Bxd2 Ba8 19.a4 b4 20.Nb5 Nxb5 21.axb5 Ne4 22.Bf4 g5
23.Bg3 Nxg3 24.hxg3 Rbc8 25.Bd3 Rfd8 26.Rxa5 b3 27.Rxa8 Rxa8 28.Nc6 e6 29.b6 Rdb8
30.Nxb8 Rxb8 31.c3 Rxb6 32.Kf1 h5 33.Ra1 h4 34.Ra8+ Bf8 35.gxh4 gxh4 36.Ke2 Kg7
37.Ra7 Bd6 38.Ra6 Rxa6 39.Bxa6 f5 40.Bc4 Kf6 41.Bxb3 e5 42.Bd5 e4 43.b4 Ke5
44.Bb7 f4 45.f3 e3 46.Kd3 Bf8 47.Ba6 Be7 48.Bc4 Bf8 49.Bb3 Be7 50.Bd1 Kd5
51.Be2 Kc6 52.Ke4 Bd6 53.Kf5 Kd5 54.c4+ Kd4 55.c5 Bb8 56.c6 Bc7 57.b5 Kc5
58.Kg4 Kb6 59.Kxh4 Kc5 60.Kg4 Kb6 61.Kf5 Kc5 62.Ke4 Kb6 63.Bf1 Bb8 64.g4 fxg3
65.Kxe3 g2 66.Bxg2 Kxb5 67.f4 Kc5 68.f5 Kd6 69.Kf4 Ke7+ 70.Kg5 Be5 71.Kg6 Bd4
72.Bd5 Be5 73.Bc4 Kd6 74.Bb5  1-0

[Event "3rd Int"]
[Site "Torshavn FAI"]
[Date "2000.10.09"]
[Round "4"]
[White "Poulsen,M"]
[Black "Thomsen,T"]
[Result "1/2-1/2"]
[WhiteElo "2074"]
[BlackElo "2202"]

1.e4 d6 2.d4 g6 3.Nc3 Bg7 4.Be3 Nf6 5.f3 Nbd7 6.Qd2 e6 7.O-O-O a6 8.e5 Ng8
9.f4 d5 10.g4 Nb6 11.Nf3 h5 12.gxh5 Rxh5 13.Ng5 Ne7 14.Bf2 Nf5 15.Be2 Rh8
16.h4 Qe7 17.h5 Bd7 18.Bd3 O-O-O 19.Ne2 Rdg8 20.hxg6 fxg6 21.Ng3 Kb8 22.Qe2 Qb4
23.c3 Qe7 24.Nxf5 gxf5 25.Qf3 Bf8 26.Rxh8 Rxh8 27.Rh1 Qg7 28.Rh5 Rh6 29.Qh3 Qg6
30.Be2 Be8 31.Rh4 Rxh4 32.Qxh4 Be7 33.Be3 Nd7 34.Qh8 Nf8 35.Kd2 Ka7 36.b3 Bxg5
37.Qxf8 Bh4 38.Qh8 Qg3 39.Bd3 Bc6 40.Qh5 Qe1+ 41.Kc2 Qxe3 42.Qxh4 Bb5 43.Bxb5 axb5
44.Qh2 Qe4+ 45.Kb2 Qe3 46.Kc2 Qe4+ 47.Kb2 b4 48.Qd2 bxc3+ 49.Kxc3 b6 50.b4 Kb7
51.Kb2 Ka6 52.a4 Kb7 53.a5 Ka6 54.Qc3 Kb7 55.Ka3 Qe2 56.Kb3 Qb5 57.axb6 cxb6
58.Kc2 Qf1 59.Kb3 Qa6 60.Kb2 Qf1 61.Kb3 Qb1+ 62.Ka3 Qf1 63.Kb3  1/2-1/2

[Event "ch-PER"]
[Site "Lima PER"]
[Date "2000.10.12"]
[Round "13"]
[White "Belli,M"]
[Black "Robbiano Taboada,C"]
[Result "1-0"]
[WhiteElo "2393"]
[BlackElo "2249"]

1.d4 d6 2.e4 g6 3.Nc3 Bg7 4.Be3 Nd7 5.Qd2 c5 6.Nf3 cxd4 7.Nxd4 Ngf6 8.f3 h5
9.O-O-O Ne5 10.h3 Bd7 11.f4 Nc6 12.Nf3 O-O 13.e5 Ne8 14.g4 Be6 15.f5 gxf5
16.gxh5 Nxe5 17.Nd4 Kh7 18.Qf2 Rc8 19.Nxf5 Rxc3 20.bxc3 Qa5 21.Nxg7 Nxg7
22.Rg1 Nf5 23.Bd3 Nxd3+ 24.Rxd3 Rg8 25.Rxg8 Kxg8  1-0

[Event "FSGM October"]
[Site "Budapest HUN"]
[Date "2000.10.13"]
[Round "7"]
[White "Kallio,H"]
[Black "Vadasz,L"]
[Result "1-0"]
[WhiteElo "2451"]
[BlackElo "2301"]

1.e4 g6 2.d4 Bg7 3.Nc3 d6 4.Be3 Nf6 5.f3 O-O 6.Qd2 e5 7.d5 c6 8.O-O-O cxd5
9.Nxd5 Nxd5 10.Qxd5 Nc6 11.Qxd6 Qa5 12.Qd5 Qc7 13.Qc5 Be6 14.Nh3 Rfd8 15.Rxd8+ Rxd8
16.a3 Bxh3 17.gxh3 Qd7 18.Bb5 Qxh3 19.Bxc6 bxc6 20.Qxc6 Qxf3 21.Re1 Qh3 22.Kb1 Qxh2
23.Bxa7 Qd2 24.Rf1 h5 25.Bb6 Rd7 26.a4 h4 27.Rh1 g5 28.a5 Qd6 29.Qc8+ Bf8
30.Be3 Qe6 31.Rc1 f6 32.a6 Re7 33.Qxe6+ Rxe6 34.a7 Ra6 35.c3 Kf7 36.b4 g4
37.b5  1-0

[Event "Tatry Open"]
[Site "Tatranske Zruby SVK"]
[Date "2000.10.13"]
[Round "7"]
[White "Hanzluvka,P"]
[Black "Lorenc,O"]
[Result "1-0"]
[WhiteElo "2128"]
[BlackElo "2258"]

1.e4 g6 2.d4 Bg7 3.Nc3 d6 4.h3 Nf6 5.Be3 c6 6.Nf3 Qa5 7.Qd2 O-O 8.Be2 b5
9.Bd3 Bb7 10.Ne2 Qxd2+ 11.Nxd2 a6 12.O-O Nbd7 13.f4 c5 14.c3 Rac8 15.Rac1 Rc7
16.f5 Rfc8 17.fxg6 hxg6 18.Bb1 cxd4 19.cxd4 e5 20.Rxc7 Rxc7 21.d5 a5 22.Rc1 Rxc1+
23.Nxc1 Ne8 24.Ncb3 a4 25.Na5 Ba6 26.g4 Nc5 27.b4 axb3 28.axb3 Nf6 29.Nc6 Nfd7
30.Bc2 Bf8 31.Nb1 f6 32.Nc3 Kf7 33.Nb4 Nb8 34.Kf2 g5 35.Ke1 Ke7 36.Kd2 Kd7
37.Bd1 Be7 38.Kc2 Bd8 39.Be2 Ba5 40.Bxc5 Bb7 41.Bxb5+ Kc7 42.Nd3 dxc5 43.Nxc5 Bc8
44.N3a4 Bb4 45.Nd3 Bd6 46.Kc3 Nd7 47.Kc4 Nb6+ 48.Nxb6 Kxb6 49.Nb2 Ka5 50.Na4 Bb7
51.Nc5 Bc8 52.b4+ Kb6 53.Na4+ Ka7 54.Bc6 Ka6 55.b5+ Ka5 56.Kb3 Be7 57.Nb2 Kb6
58.Nc4+ Kc5 59.d6 Bxd6 60.Nxd6 Kxd6 61.Kb4 Be6 62.Ka5 Kc7 63.Ka6 Kb8 64.Kb6 Bc4
65.Bd7 Bf1 66.Kc6 Bxh3 67.Kd6 Bg2 68.Bf5 Bf1 69.Ke6 Bxb5 70.Kxf6  1-0

[Event "FSIMB October"]
[Site "Budapest HUN"]
[Date "2000.10.14"]
[Round "8"]
[White "Berczes,C"]
[Black "Lehtinen,H"]
[Result "1-0"]
[WhiteElo "2189"]
[BlackElo "2329"]

1.e4 g6 2.d4 Bg7 3.Nc3 d6 4.Bg5 c5 5.dxc5 Qa5 6.Qd2 Bxc3 7.bxc3 Qxc5 8.Qd4 Qxd4
9.cxd4 b6 10.O-O-O Ba6 11.Nf3 h6 12.Bh4 e6 13.Kb2 Kd7 14.c4 f5 15.exf5 exf5
16.Bd3 Nc6 17.Bg3 Nb4 18.Bb1 Rf8 19.Nh4 Ne7 20.Rhe1 Rf6 21.Be5 Rhf8 22.Bxf6 Rxf6
23.d5 Bc8 24.Rd2 Na6 25.Rde2 Rf7 26.Re6 Kd8 27.Rxd6+ Kc7 28.Rxg6 Nxg6 29.Nxg6 Kd6
30.f4 Rc7 31.Ne5 Nc5 32.Re3 Rg7 33.Rg3 Rxg3 34.hxg3 b5 35.Nf7+ Ke7 36.Nxh6 Kf6
37.cxb5 Nb7 38.g4 fxg4 39.g3 Nd6 40.a4 Kg7 41.Nxg4 Bxg4 42.Kc3 Kf6 43.Kb4 Bf3
44.Ba2 Ke7 45.a5 Kd7 46.b6 axb6 47.axb6 Nf5 48.Kc5 Nxg3 49.Bb1 Kc8 50.d6 Nh5
51.Bf5+ Kd8 52.Bg4 Nxf4 53.Bxf3  1-0

[Event "Tatry Open"]
[Site "Tatranske Zruby SVK"]
[Date "2000.10.14"]
[Round "8"]
[White "Cvicela,A"]
[Black "Danek,P SVK"]
[Result "1-0"]
[WhiteElo "2182"]
[BlackElo "2217"]

1.e4 d6 2.d4 g6 3.Nc3 Bg7 4.f4 Nf6 5.Nf3 O-O 6.Bd3 c6 7.e5 Nd5 8.Nxd5 cxd5
9.O-O Bg4 10.h3 Bxf3 11.Qxf3 e6 12.Be3 Nc6 13.c3 a6 14.g4 dxe5 15.dxe5 d4
16.cxd4 Nxd4 17.Qf2 Nf3+ 18.Qxf3 Qxd3 19.Rad1 Qb5 20.Bd4 Rad8 21.Bc3 Qc6
22.Qxc6 bxc6 23.Rd6 Rxd6 24.exd6 Bxc3 25.bxc3 Rb8 26.Kf2 Kf8 27.Ke3 Ke8 28.Kd4 Rb5
29.c4 c5+ 30.Ke5 Rb2 31.Kf6 Rxa2 32.d7+ Kxd7 33.Kxf7 Ra3 34.Rd1+ Kc7 35.Kxe6 Rxh3
36.f5 gxf5 37.gxf5 Re3+ 38.Kf7 Rc3 39.f6 Rxc4 40.Rd5 Kc6 41.Rf5 Rb4 42.Ke7 a5
43.f7 Rb7+ 44.Ke6 Rxf7 45.Rxf7 a4 46.Ra7 Kb5 47.Kd5 Kb4 48.Ke4 c4 49.Kd4 Kb3
50.Rb7+ Kc2 51.Kxc4 a3 52.Rxh7 a2 53.Rh2+ Kb1 54.Kb3 a1=N+ 55.Kc3  1-0

[Event "Tatry Open"]
[Site "Tatranske Zruby SVK"]
[Date "2000.10.14"]
[Round "8"]
[White "Privara,I"]
[Black "Tikovsky,A"]
[Result "1-0"]
[WhiteElo "2270"]
[BlackElo "2117"]

1.e4 g6 2.d4 Bg7 3.Nc3 d6 4.f4 Nf6 5.Nf3 O-O 6.Be2 c5 7.dxc5 Qa5 8.O-O Qxc5+
9.Kh1 Nc6 10.Bd3 Bg4 11.Qe1 Nb4 12.Be3 Qa5 13.Nd4 Nxd3 14.cxd3 Bd7 15.f5 e5
16.Nb3 Qa6 17.Bg5 Bc6 18.Qh4 Nd7 19.f6 Bh8 20.Rf3 Rfe8 21.Rh3 Nf8 22.Bh6 Re6
23.Rf1 Rc8 24.Nd5 Bxd5 25.exd5 Rxf6 26.Rxf6 Qxa2 27.Rf1 Qxb3 28.Bxf8 Kxf8
29.Qxh7 Bg7 30.Qxg6 Qxd5 31.Rh7  1-0

[Event "FSIMA October"]
[Site "Budapest HUN"]
[Date "2000.10.15"]
[Round "9"]
[White "Spaan,N"]
[Black "Resika,N"]
[Result "1/2-1/2"]
[WhiteElo "2268"]
[BlackElo "2267"]

1.e4 g6 2.d4 Bg7 3.Nc3 d6 4.Be3 a6 5.a4 Nf6 6.Be2 O-O 7.Qd2 b6 8.Bh6 Bb7
9.Bf3 e5 10.d5 c6 11.h4 cxd5 12.exd5 Bxh6 13.Qxh6 e4 14.Be2 Re8 15.h5 Ra7
16.Nh3 Nbd7 17.Ng5 Nf8 18.O-O-O Bc8 19.Rd4 Rae7 20.hxg6 fxg6 21.Qh4 e3 22.Nce4 Re5
23.Ne6 Rxe4 24.Rxe4 Bxe6  1/2-1/2

[Event "Tatry Open"]
[Site "Tatranske Zruby SVK"]
[Date "2000.10.15"]
[Round "9"]
[White "Kasparov,S"]
[Black "Petran,Pe"]
[Result "1/2-1/2"]
[WhiteElo "2464"]
[BlackElo "2336"]

1.e4 g6 2.d4 Bg7 3.Nc3 d6 4.Nge2 e5 5.Be3 Nc6 6.Qd2 Nf6 7.f3 O-O 8.O-O-O Nd7
9.Bh6 Nb6 10.Bxg7 Kxg7 11.d5 Ne7 12.Kb1 f5 13.exf5 gxf5 14.f4 Ng6 15.g3 a6
16.Qd3  1/2-1/2

[Event "FSGM October"]
[Site "Budapest HUN"]
[Date "2000.10.16"]
[Round "10"]
[White "Vajda,S"]
[Black "Fogarasi,T"]
[Result "1/2-1/2"]
[WhiteElo "2282"]
[BlackElo "2456"]

1.e4 g6 2.d4 Bg7 3.Nc3 d6 4.Nf3 Nf6 5.Be2 O-O 6.O-O c6 7.h3 a5 8.Be3 Na6
9.e5 dxe5 10.Nxe5 Nb4  1/2-1/2

[Event "It"]
[Site "Alushta UKR"]
[Date "2000.10.17"]
[Round "3"]
[White "Andreev,Ed"]
[Black "Ovsejevitsch,S"]
[Result "1/2-1/2"]
[WhiteElo "2433"]
[BlackElo "2526"]

1.e4 g6 2.d4 Bg7 3.Nc3 d6 4.f4 e6 5.Nf3 Ne7 6.Be3 Nd7 7.Qd2 b6 8.O-O-O Bb7
9.a3 O-O 10.g4 Nf6 11.Bd3 c5 12.g5 Nh5 13.Ng1 Rc8 14.Be2  1/2-1/2

[Event "It"]
[Site "Alushta UKR"]
[Date "2000.10.21"]
[Round "7"]
[White "Olenin,N"]
[Black "Ovsejevitsch,S"]
[Result "1-0"]
[WhiteElo "2408"]
[BlackElo "2526"]

1.e4 g6 2.d4 Bg7 3.Nc3 d6 4.f4 Nd7 5.Nf3 a6 6.a4 b6 7.Bc4 e6 8.f5 exf5 9.exf5 Ndf6
10.fxg6 hxg6 11.Bg5 Bb7 12.O-O d5 13.Bd3 Qd6 14.Qe2+ Kd7 15.Ne5+ Kc8 16.h3 Qe6
17.Rae1 Kb8 18.Qd2 Rh5 19.Qf4 Ka7 20.Ng4 Ne4 21.Nxe4 dxe4 22.Bxe4 Qc4 23.Bxb7 Kxb7
24.c3 Qd5 25.Qxf7 Bxd4+ 26.Be3 Bxe3+ 27.Rxe3 Qd6 28.Re6 Qc5+ 29.Qf2  1-0

[Event "TCh-FIN 00-01"]
[Site "FIN"]
[Date "2000.10.21"]
[Round "3"]
[White "Pulkkinen,K"]
[Black "Lehtinen,H"]
[Result "1/2-1/2"]
[WhiteElo "2318"]
[BlackElo "2339"]

1.e4 g6 2.d4 Bg7 3.Nc3 d6 4.Be3 c6 5.a4 Nf6 6.h3 O-O 7.g4 e5 8.dxe5 dxe5
9.Qxd8 Rxd8 10.Nf3 h5 11.Bc4 Nbd7 12.Ng5 Rf8 13.f3 Bh6 14.Ke2 Kg7 15.Rad1 Bxg5
16.Bxg5 Nc5 17.gxh5 Nxh5 18.Be7 Ng3+ 19.Ke3 Nxh1 20.Bxc5 Ng3 21.Bxf8+ Kxf8
22.Rd8+ Ke7 23.Rh8 Nh5 24.Ne2 b6 25.f4 exf4+ 26.Nxf4 Nxf4 27.Kxf4 Bb7 28.Rh7 Rf8
29.Ke5 Bc8 30.h4 Bg4 31.b4 Bd1 32.Bb3 Be2 33.c3 a5 34.bxa5 bxa5 35.Kd4 Bf3
36.Ke5 Bg4 37.Rg7 c5 38.Rh7 Be2 39.Bd5 Bd1 40.Bc6 Rd8 41.Bd5 Rf8 42.Bc6 Bb3
43.h5 gxh5 44.Rxh5 Rd8 45.Bb5 Rd2 46.Kf4 Kd6 47.Rh6+ Be6 48.Rh8 Rc2 49.Ra8 Rxc3
50.Ra6+ Kc7 51.Rxa5 c4 52.Ra6 Rb3 53.Rc6+ Kb7 54.Rc5 c3 55.Ke3 Kb6 56.Rc6+ Ka5
57.Kd4 Kb4 58.Bd3 Ra3 59.Bc2 Bb3 60.Rxc3 Bxa4 61.Rxa3 Kxa3 62.Bxa4 Kxa4 63.Kc4 Ka3
64.Kc3 Ka4 65.Kc4 Ka3 66.e5 Kb2 67.Kd4 Kc2 68.Ke4 Kc3 69.Kf5 Kd4 70.Kf6 Kd5
71.Kxf7 Kxe5  1/2-1/2

[Event "Tch-AUT 2000-01"]
[Site "Maierhofen/Zillertal AUT"]
[Date "2000.10.21"]
[Round "1"]
[White "Wells,P"]
[Black "Hickl,J"]
[Result "0-1"]
[WhiteElo "2522"]
[BlackElo "2582"]

1.e4 g6 2.d4 Bg7 3.Nc3 d6 4.f4 c6 5.Nf3 Bg4 6.Be3 Qb6 7.Qd2 Bxf3 8.gxf3 Nd7
9.O-O-O Qa5 10.Kb1 b5 11.h4 Nb6 12.Bd3 Nf6 13.Rdg1 Nh5 14.e5 Rb8 15.Ka1 Nc4
16.Bxc4 bxc4 17.Rg5 Qb4 18.Rb1 f5 19.Qg2 O-O 20.Rxg6 hxg6 21.Qxg6 d5 22.Qxh5 e6
23.Qg6 Qe7 24.Rg1 Rf7 25.h5 Rxb2 26.h6 Rxc2 27.Na4 Qa3  0-1

[Event "TCh-SVK"]
[Site "SVK"]
[Date "2000.10.22"]
[Round "2"]
[White "Lednicky,M"]
[Black "Franzen,Joz"]
[Result "1-0"]
[WhiteElo "2159"]
[BlackElo "2310"]

1.e4 g6 2.d4 Bg7 3.Nc3 d6 4.Be3 c6 5.Qd2 b5 6.f3 Nd7 7.g4 h5 8.g5 Nb6 9.f4 e6
10.Nf3 Ne7 11.O-O-O d5 12.Ne5 b4 13.Ne2 a5 14.Kb1 Ba6 15.Bg2 Bxe5 16.dxe5 Nc4
17.Qc1 Nxb2 18.Qxb2 Bxe2 19.Rd2 Bc4 20.Bc5 O-O 21.f5 exf5 22.exf5 Nxf5 23.Bxf8 Qxf8
24.Bh3 Ng7 25.Re1 Qe7 26.e6 fxe6 27.Qf6 Re8 28.Qxg6 Qf7 29.Qf6 e5 30.Rf2 d4
31.Qxf7+ Bxf7 32.Rf6 c5 33.Rc6 c4 34.g6 Be6 35.Bxe6+ Rxe6 36.Rxe6 Nxe6 37.Rxe5 Nf4
38.Re4 Nxg6 39.Rxd4 c3 40.Rd5 Nf4 41.Rf5 Ne2 42.Rxh5  1-0